Historia ambiental / (Registro nro. 18150)

Detalles MARC
000 -CABECERA
Campo de control 01733nam a22003737a 4500
005 - FECHA Y HORA DE LA ULTIMA TRANSACCION
Campo de control 20200104041738.0
008 - ELEMENTOS DE LONGITUD FIJA—INFORMACION GENERAL
Campo de control 160219b2015 ck ado |r|||| 00| 0 spa d
020 ## - ISBN
ISBN 9789588889511
040 ## - FUENTE DE CATALOGACIÓN
Agencia catalogadora original CO-BoIAVH
Agencia transcriptora CO-BoIAVH
041 0# - IDIOMA
Código de idioma para texto/pista de sonido o título separado Español
044 ## - PAÍS DE PUBLICACIÓN
País de publicación Colombia
082 04 - NUMERO DE CLASIFICACION DECIMAL DEWEY
Número de clasificación 304.2
Número del ítem H71t1
100 1# - ASIENTO PRINCIPAL--NOMBRE PERSONAL
Nombre personal Gallini, Stefania
9 (RLIN) 2158
245 10 - MENCION DE TITULO
Título Historia ambiental /
Mención de responsabilidad por Stefania Gallini, Sofía de la Rosa y Rigoberto Abello
250 ## - MENCION DE EDICION
Mención de edición Primera edición
260 ## - PUBLICACION, DISTRIBUCION, ETC. (PIE DE IMPRENTA)
Lugar de publicación, distribución, etc. Bogotá :
Nombre del editor, distribuidor, etc. Insitituto de Investigación de Recursos Biológicos Alexander von Humbolt,
Fecha de publicación, distribución, etc. 2015.
300 ## - DESCRIPCION FISICA
Extensión 72 páginas :
Otros detalles físicos ilustraciones, diagramas y fotografías a color ;
Dimensiones 21 x 30 cm.
490 0# - MENCION DE SERIE
Mención de serie Colección hojas de ruta: Guías para estudio socioecológico de altamontaña en Colombia ;
Designación numérica/secuencial del volumen 1
504 ## - NOTA DE BIBLIOGRAFIA, ETC.
Nota de bibliografía Incluye referencias bibliográficas: páginas 67-70.
505 0# - NOTA DE CONTENIDO
Nota de contenido 1. Punto de partida.
505 0# - NOTA DE CONTENIDO
Nota de contenido 2. Recorriendo el camino.
505 0# - NOTA DE CONTENIDO
Nota de contenido 3. Otros caminos.
520 ## - NOTA DE RESUMEN, ETC.
Nota de resumen La materia a compendiar en esta guía es un tipo particular de historia, que si bien no es una religión, igualmente ha desarrollado rituales y consagrado sacerdotes a lo largo del camino hacia su profesionalización y consolidación disciplinar empezando en el siglo XIX.
650 #6 - ASIENTO SECUNDARIO DE MATERIA - TERMINO TEMATICO
Término temático o nombre geográfico como elemento de entrada Historia natural
9 (RLIN) 93979
650 #4 - ASIENTO SECUNDARIO DE MATERIA - TERMINO TEMATICO
Término temático o nombre geográfico como elemento de entrada Historia ambiental
9 (RLIN) 96438
650 #6 - ASIENTO SECUNDARIO DE MATERIA - TERMINO TEMATICO
Término temático o nombre geográfico como elemento de entrada Medio ambiente
Subdivisión de forma Invetigación
9 (RLIN) 61323
650 #4 - ASIENTO SECUNDARIO DE MATERIA - TERMINO TEMATICO
Término temático o nombre geográfico como elemento de entrada Generación de conocimiento
9 (RLIN) 61222
650 #4 - ASIENTO SECUNDARIO DE MATERIA - TERMINO TEMATICO
Término temático o nombre geográfico como elemento de entrada Investigación social-ecológica
9 (RLIN) 61224
650 #6 - ASIENTO SECUNDARIO DE MATERIA - TERMINO TEMATICO
Término temático o nombre geográfico como elemento de entrada Ecología humana
Subdivisión general Historia
9 (RLIN) 61324
700 1# - ASIENTO SECUNDARIO - NOMBRE PERSONAL
Nombre personal De la Rosa, Sofía
9 (RLIN) 61243
700 1# - ASIENTO SECUNDARIO - NOMBRE PERSONAL
Nombre personal Abello, Rigoberto
9 (RLIN) 61325
710 2# - ASIENTO SECUNDARIO - NOMBRE CORPORATIVO
Nombre corporativo o de jurisdicción como elemento de entrada Instituto de Investigación de Recursos Biológicos Alexander von Humboldt.
9 (RLIN) 204
942 ## - ELEMENTOS ADICIONALES (KOHA)
Sistema de clasificación Dewey Decimal Classification
Tipo de ítem Libro
Koha issues (borrowed), all copies 3
Existencias
Withdrawn status Lost status Sistema de Clasificación Damaged status No para préstamo Colección Inventariado Ubicación Permanente Ubicación actual Fecha de adquisición Fuente de Valor Valor Total Checkouts Número topográfico Inventario / Código de Barras Date last seen Date checked out Ejemplar Price effective from Forma de adquisición Tipo de material
    Dewey Decimal Classification     Humboldt Inventariado 2017 Bogotá Bogotá 19/02/2016 Instituto 39000.00 8 IAVH-304.2 H71t1 039821 17/10/2019 02/10/2019 Ej. 1 19/02/2016 Institucional Libro
    Dewey Decimal Classification     Humboldt Inventariado 2017 Sala Fabio Quevedo Sala Fabio Quevedo 19/02/2016 Instituto 39000.00   IAVH-304.2 H71t1 039822 19/02/2016   Ej. 2 19/02/2016 Institucional Libro